000 00282nam a2200109Ia 4500
008 221009s9999 xx 000 0 und d
082 _a403/HAW
100 _aHawkins, R E
_95449
245 0 _aEncyclopaedia of Indian Natural History
260 _bOxford University Press
942 _cBK
999 _c64787
_d64787